LEADER 00772nam a2200205 i 4500 001 000000046034 003 CaOOAMICUS 005 20090727000000.0 008 090727s1934 it u000 u ita u 013 $a17204 040 $aSeMil$bita 100 1 $aDe Libero, Giuseppe.$0(OLS)http://semarc/name/22890 245 10$aSatana :$bl'essere, l'azione, il dominio /$cGiuseppe De Libero. 260 $aTorino :$bSEI,$c1934. 300 $aXIII, 575 p. ;$c23 cm. 650 4$aDemonio.$0(OLS)http://semarc/subject/6235 850 $aSeMil 852 $aSeMil$W1$xVenegono$y1$m2A III 149$j12189$B12189$CSeMilBibl$Z2$F12189 $81 996 $6245$aSatana :$bl'essere, l'azione, il dominio$9(OLS)http://semarc/title/68664 996 $6260$aTorino :$bSEI$9(OLS)http://semarc/publisher/29848 LEADER 01341nam a2200301 i 4500 001 000000108922 003 CaOOAMICUS 005 20240418144228.0 008 100722s2002 it u000 u ita u 013 $a81602 020 $a88-464-3597-4 040 $aSeMil$bita 100 1 $aPandolfi, Anna Maria.$0(OLS)http://semarc/name/45749 245 13$aLa vergogna :$bun affetto psichico che sta scomparendo? /$cAnna Maria Pandolfi. 260 $aMilano :$bFranco Angeli,$c2002. 300 $a96 p. ;$c23 cm. 490 0 $aPsicoanalisi contemporanea: sviluppi e prospettive. Sez. 1, Metodologia, teoria e tecnica psicoanalitica ;$v9 500 $aFondo Card. C.M. Martini. 650 4$aVergogna.$0(OLS)http://semarc/subject/19244 830 0$aPsicoanalisi contemporanea: sviluppi e prospettive. Sez. 1, Metodologia, teoria e tecnica psicoanalitica ;$v9.$0(OLS)http://semarc/title/31541 850 $aSeMil 852 $aSeMil$W1$xVenegono$y1$m2O III 8$j64964$B64964$CSeMilBibl$Z2$F85550 $81 941 1 $a4 961 $aOmaggio: Martini Card. Carlo Maria 996 $6020$a88-464-3597-4$9(OLS)http://semarc/number/90072 996 $6245$aLa vergogna :$bun affetto psichico che sta scomparendo?$9(OLS)http://semarc/title/158039 996 $6260$aMilano :$bFranco Angeli$9(OLS)http://semarc/publisher/30369